000 00358nam a22001457a 4500
999 _c7966
_d7966
003 OSt
005 20200610165303.0
008 200610b ||||| |||| 00| 0 eng d
020 _a9781858944104
082 _a635.967
_bLES
100 _aLeslie Geddes-Brown
245 _aThe water garden
260 _aNew York
_bMerrell Pub Ltd
_cApril 1, 2008
942 _2ddc